| 000 | 00369nam a2200157Ia 4500 | ||
|---|---|---|---|
| 005 | 20240807062047.0 | ||
| 008 | 240806s9999||||xx |||||||||||||| ||eng|| | ||
| 041 | _aeng | ||
| 082 |
_a891.433 _bISL1 |
||
| 100 | _aShamsul Islam | ||
| 245 | 0 |
_a1857 ke bagi sirab / _cShamsul Islam |
|
| 260 | _bVani Prakashan New Delhi | ||
| 300 | _a128 | ||
| 650 | _aHindi | ||
| 942 | _cBK | ||
| 999 |
_c7197 _d7197 |
||